Écoutez-vous vraiment les paroles des chansons ? #2 - Statistiques

Statistiques générales
  • Ce quiz a été pris 6 695 fois
  • Le résultat moyen est 10 sur 20
Statistiques - réponses
Indice Réponse Chanson - Interprète(s) % Correct
Formidable, tu étais formidable. Et moi, j'étais comment ? Fort minable Formidable - Stromae
91%
C'est un fameux trois-mâts, fin comme un oiseau.Dix-huit nœuds et combien de tonneaux ? Quatre cents Santiano - Hugues Aufray
74%
Qu'est-ce que j'ai accepté par erreur (j'ai dû m'gourer dans l'heure) ? Ton invitation Ton invitation - Louise Attaque
71%
Qu'est-ce qu'on commandera, toi, la télé et moi ? Des pizzas Le dîner - Bénabar
67%
Cette année-là, je chantais pour la première fois. Mais c'était quelle année ? C'était l'année 62 Cette année-là - Claude François
65%
Quelle est la java qui plaît (mais c'est peut-être pas la vraie de vraie) ? La java de Broadway La Java de Broadway - Michel Sardou
65%
Qu'est-ce que j'ai pu entendre, dans la vallée, oh oh ? Les échos La Tribu de Dana - Manau
65%
Où est-ce que j'irai, un jour avec toi, toutes les nuits déconner ? À New-York New York - Téléphone
64%
Je veux le passer où, le dernier jour du disco ? Sur ta peau Le dernier jour du disco - Juliette Armanet
52%
Quand ma mère sortait le soir, elle me laissait seul avec quoi ? Mon désespoir Je suis malade - Serge Lama
51%
Moi je te donne quoi, si tu me donnes des noix de coco ? Mes ananas Cho Ka Ka O - Annie Cordy
49%
Un beau jour ou peut-être une nuit, près de quoi je m'étais endormie ? Un lac L'Aigle noir - Barbara
48%
Il rentrait chez lui, là-haut vers le brouillard. Et elle, elle descendait où ? Dans le Midi Une belle histoire - Michel Fugain
47%
Avec quelles fleurs on peut changer les femmes et changer les hommes ? Des géraniums Le pouvoir des fleurs - Laurent Voulzy
38%
Sur quoi se bécotent les amoureux, en s'disant des "je t'aime" pathétiques ? Des bancs publics Les Amoureux des bancs publics - Georges Brassens
37%
Qu'est-ce que je n'ai pas vu, en toi, s'immiscer (erreur fatale...) ? Le doute Sur la route - Gérald de Palmas
37%
Ça fait rire les oiseaux, ça fait chanter les abeilles. Mais ça fait danser qui ? Les écureuils Ça fait rire les oiseaux - La Compagnie créole
33%
Je dis aime. Et où est-ce que je le sème ? Sur ma planète Je Dis Aime - M
22%
Il boit quoi Jimmy, dans sa Chrysler ? Du gin Ballade de Jim - Alain Souchon
20%
C'est une photo d'qui, qu'elle a mis sur l'mur, au dessus du berceau ? Arthur Rimbaud En cloque - Renaud
18%
Aucun quiz correspondant
Distribution des résultats
% des personnes avec chaque résultat
Percentile par nombre de réponses
Votre historique - résultats
Vous n’avez pas pris ce quiz